Vplyv konvergencie US GAAP a IFRS na zvýšenie kvality účtovných informácií

Úvod do problematiky a zhodnotenie súčasného stavu. Memorandum o porozumení známe aj ako Dohoda z Norwalku - významný míľnik v harmonizačnom procese presadzovania IFRS vo svete. Akceptácia IFRS v USA. Vplyv procesu konvergencie US GAAP a IFRS na zvyšovanie kvality účtovných informácií a ich vykazova...

ver descrição completa

Na minha lista:
Detalhes bibliográficos
Autor principal: Bagiová, Alexandra, 1994-
Formato: Capítulo de Livro
Idioma:eslovaco
Assuntos:
Tags: Adicionar Tag
Sem tags, seja o primeiro a adicionar uma tag!

MARC

LEADER 00000naa$a2200000$$$4500
001 0249603
005 20240502074007.5
041 0 |a slo 
044 |a SK 
245 1 0 |a Vplyv konvergencie US GAAP a IFRS na zvýšenie kvality účtovných informácií  |c Alexandra Bagiová 
520 |a Úvod do problematiky a zhodnotenie súčasného stavu. Memorandum o porozumení známe aj ako Dohoda z Norwalku - významný míľnik v harmonizačnom procese presadzovania IFRS vo svete. Akceptácia IFRS v USA. Vplyv procesu konvergencie US GAAP a IFRS na zvyšovanie kvality účtovných informácií a ich vykazovanie v účtovnej závierke. Konvergenčný proces US GAAP a IFRS v kontexte používateľov účtovných informácií. Obsahový aspekt konvergenčného procesu US GAAP a IFRS. 
610 2 0 |a účtovníctvo 
610 2 0 |a informácie účtovné 
610 2 0 |a štandardy účtovné medzinárodné 
610 2 0 |a štandardy účtovné americké 
610 2 0 |a IFRS 
610 2 0 |a výkazníctvo finančné 
610 2 0 |a konvergencia 
100 1 |a Bagiová, Alexandra, 1994-